[Event "WA Class - C Section"]
[Site "Redmond, WA"]
[Date "2008.11.28"]
[Round "1"]
[White "Yu, Justin"]
[Black "Varner, Murlin"]
[Result "0-1"]
[WhiteElo "1437"]
[BlackElo "1516"]
[PlyCount "114"]
[EventDate "2008.11.30"]
[EventCountry "USA"]
[Source "Bulletin"]
[SourceDate "2009.02.10"]

1. e4 e5 2. Nf3 Nc6 3. Bc4 Bc5 4. Nc3 h6 5. O-O d6 6. h3 Nf6 7. d3 O-O 8. Be3
Bxe3 9. fxe3 Qe7 10. Nh4 Kh8 11. Nf5 Bxf5 12. Rxf5 Qd7 13. Qf1 Na5 14. Bb3 c6
15. Bxf7 Rxf7 16. b4 Qc7 17. bxa5 Qxa5 18. Ne2 Qd2 19. Qf3 Qxc2 20. d4 Qb2 21.
Rf1 Raf8 22. dxe5 dxe5 23. Ng3 Qxa2 24. Nh5 Kg8 25. Nxf6+ Rxf6 26. Qg4 Rxf5 27.
exf5 Rf6 28. e4 Qc4 29. Rd1 Qc5+ 30. Kh1 Qe7 31. Qe2 Rd6 32. Qa2+ Kh7 33. Rxd6
Qxd6 34. Qxa7 b5 35. Kh2 b4 36. Qf7 c5 37. h4 Qf6 38. Qc4 Qxh4+ 39. Kg1 Qe1+
40. Kh2 Qe3 41. f6 Qf4+ 42. Kg1 Qxf6 43. Qxc5 b3 44. Qb4 Qc6 45. Qxb3 Qxe4 46.
Kf2 Qf4+ 47. Qf3 Qxf3+ 48. Kxf3 Kg6 49. Ke4 Kf6 50. g4 g5 51. Kf3 Ke6 52. Ke4
Kd6 53. Kf5 Kd5 54. Kg6 e4 55. Kxh6 e3 56. Kxg5 e2 57. Kh6 e1=Q 0-1

[Event "WA Class - D Section"]
[Site "Redmond, WA"]
[Date "2008.11.29"]
[Round "3"]
[White "Chuck, Carlin"]
[Black "Liao, King"]
[Result "1/2-1/2"]
[WhiteElo "1315"]
[BlackElo "1035"]
[PlyCount "117"]
[EventDate "2008.11.30"]
[EventCountry "USA"]
[Source "Bulletin"]
[SourceDate "2009.02.10"]

1. d4 Nf6 2. e3 g6 3. Nf3 Bg7 4. Nc3 O-O 5. e4 d6 6. Be3 Nc6 7. Qd2 e5 8. dxe5
dxe5 9. Rd1 Qe7 10. Bd3 Rd8 11. Bh6 b6 12. Bxg7 Kxg7 13. Qe2 Nd4 14. Nxd4 exd4
15. Nb1 Bb7 16. Nd2 Re8 17. f3 Rad8 18. O-O Nd5 19. Rfe1 Ne3 20. Rc1 Qb4 21.
Nb3 Nd5 22. a3 Qd6 23. Nxd4 Nf4 24. Nf5+ gxf5 25. Qf2 Nxd3 26. cxd3 Qd4 27.
Qxd4+ Rxd4 28. Rxc7 Rb8 29. exf5 Rf4 30. Ree7 Bd5 31. Red7 Rxf5 32. Rxa7 Be6
33. Rdc7 Rc5 34. Kf2 Rc8 35. Rxc8 Rxc8 36. b4 Rc2+ 37. Kg3 Rc3 38. d4 Kf6 39.
Ra6 Kf5 40. Rxb6 Rxa3 41. Rb5+ Kg6 42. Rb6 Rd3 43. Rd6 Kf5 44. b5 Rb3 45. Rc6
Rxb5 46. Rc5+ Rxc5 47. dxc5 Bd5 48. Kh4 Kg6 49. Kg4 f6 50. Kf4 h5 51. h4 Bc6
52. g4 Bb7 53. gxh5+ Kxh5 54. Kf5 Bxf3 55. Kxf6 Kxh4 56. Ke6 Kg5 57. Kd6 Kf5
58. c6 Bxc6 59. Kxc6 1/2-1/2

[Event "WA Class - D Section"]
[Site "Redmond, WA"]
[Date "2008.11.28"]
[Round "2"]
[White "Cohen, Mark"]
[Black "Edwards, Christopher"]
[Result "0-1"]
[WhiteElo "1243"]
[BlackElo "1383"]
[PlyCount "56"]
[EventDate "2008.11.30"]
[EventCountry "USA"]
[Source "Bulletin"]
[SourceDate "2009.02.10"]

1. d4 d5 2. c4 c6 3. Nc3 Nf6 4. Bg5 e6 5. e3 Be7 6. Qc2 Nbd7 7. Nf3 O-O 8. Bd3
h6 9. h4 dxc4 10. Bxc4 b5 11. Bd3 b4 12. Ne2 Bb7 13. b3 c5 14. Kd2 Rc8 15. Bc4
cxd4 16. Nexd4 e5 17. Bxh6 exd4 18. Ng5 Ne5 19. Nxf7 Nxc4+ 20. bxc4 dxe3+ 21.
Ke2 Rxf7 22. Bxe3 Be4 23. Qc1 Qd3+ 24. Ke1 Bc5 25. Bg5 Ng4 26. Qd2 Rxf2 27.
Qxd3 Bxd3 28. Rd1 Re8+ 0-1

[Event "WA Class - D Section"]
[Site "Redmond, WA"]
[Date "2008.11.29"]
[Round "4"]
[White "Edwards, Christopher"]
[Black "Chuck, Caleb"]
[Result "1-0"]
[WhiteElo "1383"]
[BlackElo "1351"]
[PlyCount "77"]
[EventDate "2008.11.30"]
[EventCountry "USA"]
[Source "Bulletin"]
[SourceDate "2009.02.10"]

1. e4 g6 2. d4 Bg7 3. Be3 d6 4. Bd3 Nd7 5. Ne2 Ngf6 6. O-O b6 7. c3 Bb7 8. Nd2
O-O 9. Qc2 e5 10. h3 h6 11. Rac1 Qe7 12. f4 exf4 13. Bxf4 Rae8 14. Ng3 Nh7 15.
Rce1 Ng5 16. Nf3 Nxf3+ 17. Rxf3 c5 18. Be3 Rc8 19. Qd2 Rce8 20. Bxh6 cxd4 21.
Bxg7 Kxg7 22. Nf5+ gxf5 23. Rg3+ Kh7 24. Rg5 Rh8 25. Qf4 Qxg5 26. Qxg5 Nc5 27.
Qxf5+ Kg7 28. e5 dxc3 29. bxc3 Nxd3 30. Qxd3 dxe5 31. Qg3+ Kf6 32. Rf1+ Ke6 33.
Qg4+ Kd6 34. Rf6+ Ke7 35. Qg5 Rh5 36. Rxf7+ Kxf7 37. Qxh5+ Kf8 38. Qh8+ Kf7 39.
Qh7+ 1-0

[Event "WA Class - D Section"]
[Site "Redmond, WA"]
[Date "2008.11.28"]
[Round "1"]
[White "Edwards, Christopher"]
[Black "Phan, James"]
[Result "1/2-1/2"]
[WhiteElo "1383"]
[BlackElo "1390"]
[PlyCount "83"]
[EventDate "2008.11.30"]
[EventCountry "USA"]
[Source "Bulletin"]
[SourceDate "2009.02.10"]

1. e4 e6 2. d4 d5 3. Nd2 Nf6 4. e5 Nfd7 5. f4 c5 6. c3 Nc6 7. Ngf3 Qb6 8. Nb3
Be7 9. Be2 O-O 10. O-O f6 11. Kh1 c4 12. Nbd2 Qd8 13. b3 b5 14. a4 b4 15. bxc4
bxc3 16. Nb3 Nb6 17. exf6 Bxf6 18. Ne5 Bxe5 19. dxe5 dxc4 20. Nc5 Nd4 21. a5
Nxe2 22. Qxe2 Qd5 23. axb6 Qxc5 24. Be3 Qc6 25. bxa7 Rd8 26. Rfd1 Bb7 27. Rd6
Rxd6 28. exd6 Rd8 29. Rd1 Rxd6 30. Rxd6 Qxd6 31. Qxc4 Qd5 32. Qxd5 Bxd5 33. Kg1
Kf7 34. Kf2 c2 35. g3 g6 36. Bc1 Kf6 37. Ke3 Kf5 38. h3 h5 39. g4+ hxg4 40.
hxg4+ Kxg4 41. Kd3 Kf5 42. Kxc2 1/2-1/2

[Event "WA Class - D Section"]
[Site "Redmond, WA"]
[Date "2008.11.28"]
[Round "2"]
[White "Feng, Roland"]
[Black "Chuck, Caleb"]
[Result "1-0"]
[WhiteElo "1334"]
[BlackElo "1351"]
[PlyCount "117"]
[EventDate "2008.11.30"]
[EventCountry "USA"]
[Source "Bulletin"]
[SourceDate "2009.02.10"]

1. d4 g6 2. c4 Bg7 3. Nc3 d6 4. e4 e5 5. d5 Nd7 6. Nf3 Ngf6 7. Be2 O-O 8. Be3
a6 9. O-O Qe7 10. Qd2 Ng4 11. Bg5 f6 12. Bh4 Qe8 13. Ne1 Nh6 14. Nd3 f5 15. f3
b6 16. b4 a5 17. a4 Nf6 18. Nb5 Qd7 19. Qe3 f4 20. Qd2 Ba6 21. bxa5 Bxb5 22.
axb5 bxa5 23. Rxa5 Nf7 24. Qa2 Rab8 25. Nb4 g5 26. Bf2 Nd8 27. c5 dxc5 28. Bxc5
Nb7 29. Bxf8 Nxa5 30. Bxg7 Kxg7 31. Qxa5 Rb6 32. Rc1 h5 33. Rc6 Rxc6 34. Nxc6
Qd6 35. Qb4 Qxb4 36. Nxb4 Nd7 37. Na6 Kf7 38. Nxc7 Kf6 39. Kf2 Nb6 40. Ke1 Na4
41. Kd2 Nb6 42. Kc3 Nc8 43. Kb4 Ke7 44. Ne6 Kf6 45. Kc5 Kg6 46. b6 Nxb6 47.
Kxb6 g4 48. fxg4 f3 49. gxh5+ Kh6 50. gxf3 Kxh5 51. f4+ Kg6 52. fxe5 Kh6 53. d6
Kg6 54. d7 Kf7 55. Bg4 Kg6 56. d8=Q Kf7 57. Qf8+ Kg6 58. Qf6+ Kh7 59. Qg7# 1-0

[Event "WA Class - D Section"]
[Site "Redmond, WA"]
[Date "2008.11.30"]
[Round "6"]
[White "Feng, Roland"]
[Black "Humphrey, Dave"]
[Result "0-1"]
[WhiteElo "1334"]
[BlackElo "920"]
[PlyCount "134"]
[EventDate "2008.11.30"]
[EventCountry "USA"]
[Source "Bulletin"]
[SourceDate "2009.02.10"]

1. d4 d5 2. c4 e6 3. Nc3 Nf6 4. Bg5 Nbd7 5. e3 Be7 6. Nf3 O-O 7. Bd3 b6 8. Rc1
Bb7 9. O-O Rc8 10. Qc2 dxc4 11. Bxc4 Bxf3 12. gxf3 Nh5 13. Bxe7 Qxe7 14. Kh1 g6
15. Rg1 Kh8 16. Rg2 Rg8 17. Rcg1 Ndf6 18. Be2 c5 19. Qd3 Rcd8 20. Qc4 cxd4 21.
exd4 Nf4 22. Rg3 Nxe2 23. Nxe2 Nh5 24. Rg5 Qf6 25. Qc3 Rg7 26. h3 Nf4 27. Nxf4
Qxf4 28. R1g4 Qd6 29. Qe3 f5 30. Rg1 Kg8 31. Re1 Kf7 32. Rgg1 Qd5 33. a3 Rd7
34. b4 Kg8 35. Re2 Rge7 36. Rd1 e5 37. Kg2 Kf7 38. Ree1 exd4 39. Rxd4 Qxd4 40.
Qb3+ Qd5 41. Rxe7+ Kxe7 42. Qe3+ Qe6 43. Qg5+ Kf7 44. Qh6 Kg8 45. Qf4 Kg7 46.
h4 h6 47. Qg3 Kf6 48. a4 Rd4 49. b5 Qe5 50. Qh3 Qf4 51. Qh1 Qxh4 52. Qa1 Qf4
53. Qc3 Kg5 54. a5 Rb4 55. axb6 axb6 56. Qd3 Qc4 57. Qd8+ Kh5 58. Qxb6 Rb1 59.
Kg3 Qh4+ 60. Kg2 Qh1+ 61. Kg3 Rg1+ 62. Kf4 Qh2+ 63. Ke3 Qe5+ 64. Kd3 Rd1+ 65.
Kc4 Rc1+ 66. Kb4 Qc3+ 67. Ka4 Ra1# 0-1

[Event "WA Class - D Section"]
[Site "Redmond, WA"]
[Date "2008.11.30"]
[Round "5"]
[White "Feng, Roland"]
[Black "Liao, King"]
[Result "0-1"]
[WhiteElo "1334"]
[BlackElo "1035"]
[PlyCount "64"]
[EventDate "2008.11.30"]
[EventCountry "USA"]
[Source "Bulletin"]
[SourceDate "2009.02.10"]

1. d4 Nf6 2. c4 g6 3. Nc3 Bg7 4. e4 d6 5. Nf3 O-O 6. Be2 Nbd7 7. O-O e5 8. d5
Nc5 9. Qc2 a5 10. Be3 Qe7 11. Ne1 h5 12. f3 Nh7 13. a3 f5 14. Bxc5 dxc5 15. Nd3
Ng5 16. b4 axb4 17. axb4 Rxa1 18. Rxa1 cxb4 19. Na2 fxe4 20. fxe4 Nxe4 21.
Naxb4 Nc3 22. Na2 Nxe2+ 23. Qxe2 e4 24. Re1 Bd4+ 25. Kh1 Bg4 26. Qd2 exd3 27.
h3 Qe2 28. Rxe2 dxe2 29. Qxd4 Rf1+ 30. Kh2 e1=Q 31. Qg7+ Kxg7 32. Nc3 Rh1# 0-1

[Event "WA Class - D Section"]
[Site "Redmond, WA"]
[Date "2008.11.28"]
[Round "2"]
[White "Fields, Noah"]
[Black "Stroschein, Jerome"]
[Result "0-1"]
[WhiteElo "1067"]
[BlackElo "1365"]
[PlyCount "62"]
[EventDate "2008.11.30"]
[EventCountry "USA"]
[Source "Bulletin"]
[SourceDate "2009.02.10"]

1. e4 d6 2. d4 g6 3. Nf3 Bg7 4. Bc4 Nc6 5. Be3 Bg4 6. h3 Bd7 7. Nbd2 h6 8. O-O
e6 9. Re1 Nge7 10. Nf1 O-O 11. c3 d5 12. exd5 exd5 13. Bd3 Nf5 14. Bxf5 Bxf5
15. Qd2 Kh7 16. Ng3 Be6 17. Rad1 f5 18. c4 Qf6 19. Ne2 g5 20. Nc3 f4 21. Bxf4
dxc4 22. Bxc7 Bxh3 23. gxh3 Qxf3 24. Bg3 Bxd4 25. Qc2+ Kh8 26. Nb5 Qxg3+ 27.
Kh1 Rxf2 28. Qxf2 Bxf2 29. Re3 Bxe3 30. Rd8+ Rxd8 31. Nd4 Qxh3# 0-1

[Event "WA Class - D Section"]
[Site "Redmond, WA"]
[Date "2008.11.29"]
[Round "4"]
[White "Goodfellow, Robert"]
[Black "Feng, Roland"]
[Result "1/2-1/2"]
[WhiteElo "1399"]
[BlackElo "1334"]
[PlyCount "112"]
[EventDate "2008.11.30"]
[EventCountry "USA"]
[Source "Bulletin"]
[SourceDate "2009.02.10"]

1. c4 e5 2. Nc3 Nf6 3. Nf3 Nc6 4. g3 Bc5 5. Bg2 d6 6. O-O Be6 7. d3 Qd7 8. Ng5
Bg4 9. Nd5 Nxd5 10. Bxd5 O-O 11. Be3 Nd4 12. Bxd4 Bxd4 13. Bxb7 Rab8 14. Be4 h6
15. Nf3 Bxb2 16. Rb1 c6 17. Qa4 Rfc8 18. Qc2 Ba3 19. Rxb8 Rxb8 20. Qa4 Bc5 21.
Bxc6 Qc7 22. Bb5 f5 23. Rb1 Qb6 24. d4 exd4 25. Nxd4 Bxd4 26. c5 Bxf2+ 27. Kg2
Qb7+ 28. Kxf2 Kh8 29. cxd6 Qb6+ 30. e3 Qxd6 31. Qd4 Qxd4 32. exd4 a6 33. Bd3
Rxb1 34. Bxb1 Kg8 35. Ke3 Kf7 36. Kf4 Ke6 37. d5+ Kf6 38. d6 g5+ 39. Ke3 Ke6
40. h4 Kxd6 41. hxg5 hxg5 42. Kd4 Bh3 43. Bd3 a5 44. Be2 Bg2 45. Bd3 f4 46.
gxf4 gxf4 47. Be4 f3 48. Ke3 Kc5 49. Bxf3 Bxf3 50. Kxf3 Kb4 51. Ke3 Ka3 52. Kd2
Kxa2 53. Kc2 a4 54. Kc1 Kb3 55. Kb1 a3 56. Ka1 a2 1/2-1/2

[Event "WA Class - D Section"]
[Site "Redmond, WA"]
[Date "2008.11.29"]
[Round "2"]
[White "Herdin, Matthew"]
[Black "Wyant, Matt"]
[Result "1-0"]
[WhiteElo "1147"]
[BlackElo "1071"]
[PlyCount "106"]
[EventDate "2008.11.30"]
[EventCountry "USA"]
[Source "Bulletin"]
[SourceDate "2009.02.10"]

1. d4 Nf6 2. Nf3 e6 3. c4 Bb4+ 4. Bd2 Qe7 5. g3 O-O 6. a3 Bxd2+ 7. Nbxd2 Nc6 8.
b4 d6 9. Bg2 e5 10. d5 Nb8 11. e4 Bd7 12. O-O a5 13. Qb3 axb4 14. axb4 Na6 15.
Qc3 Nh5 16. Ra3 Rfc8 17. Rfa1 Qd8 18. c5 dxc5 19. bxc5 Qe7 20. c6 bxc6 21. dxc6
Be6 22. Rxa6 Rab8 23. R1a2 Bxa2 24. Rxa2 Rb5 25. Bh3 Rcb8 26. Qc1 Nf6 27. Kg2
Rc5 28. Qa1 Qd6 29. Ra8 Rxa8 30. Qxa8+ Qf8 31. Qb7 Qd8 32. Bd7 h6 33. Nb3 Rc2
34. Nxe5 Nxe4 35. Ng4 h5 36. Bf5 hxg4 37. Bxe4 Rb2 38. Qb4 g6 39. Qc3 Re2 40.
Qc4 Rb2 41. Qc3 Ra2 42. Qc4 Qf6 43. Qc5 Re2 44. Bd5 Kg7 45. Nc1 Re5 46. Qd4 Qd6
47. Qf4 Qxd5+ 48. f3 gxf3+ 49. Qxf3 Qd2+ 50. Kh3 Qxc1 51. Qxf7+ Kh6 52. Qf8+
Kg5 53. Qg8 Kf5 $19 {remaining moves not recorded, or black may have lost on
time. Black is winning here, but white won the game.} 1-0

[Event "WA Class - D Section"]
[Site "Redmond, WA"]
[Date "2008.11.29"]
[Round "3"]
[White "Humphrey, Dave"]
[Black "Edwards, Christopher"]
[Result "1/2-1/2"]
[WhiteElo "920"]
[BlackElo "1383"]
[PlyCount "159"]
[EventDate "2008.11.30"]
[EventCountry "USA"]
[Source "Bulletin"]
[SourceDate "2009.02.10"]

1. e4 c5 2. Nf3 d6 3. h3 a6 4. Nc3 Nc6 5. b3 g6 6. Bb2 Bg7 7. Be2 Nf6 8. d3 O-O
9. O-O e5 10. Nh2 d5 11. exd5 Nxd5 12. Rb1 Be6 13. Bg4 Bxg4 14. Nxg4 Nxc3 15.
Bxc3 Qc7 16. Qd2 Rfe8 17. Rfe1 Rad8 18. Qe3 Nd4 19. Bxd4 cxd4 20. Qd2 Rc8 21.
Re2 f6 22. a4 Qc3 23. Qxc3 Rxc3 24. Nh2 f5 25. f3 Bh6 26. Nf1 Kf7 27. Kf2 e4
28. dxe4 fxe4 29. fxe4 Ke6 30. g3 Rec8 31. Rb2 Rf8+ 32. Kg2 Bc1 33. Ra2 Rcf3
34. Nd2 Re3 35. Rxe3 dxe3 36. Nf3 Rd8 37. Kf1 Rd1+ 38. Ke2 Rh1 39. Ra1 h6 40.
c4 b6 41. b4 Kd6 42. a5 Kc6 43. b5+ Kb7 44. c5 bxc5 45. b6 g5 46. e5 h5 47. g4
Rxh3 48. Rxc1 hxg4 49. Nxg5 Rh5 50. Nf7 Rh3 51. e6 Kc6 52. e7 Kd7 53. b7 Rh2+
54. Kxe3 Rb2 55. Rxc5 Kxe7 56. Rb5 Rxb5 57. Ne5 Rxb7 58. Nxg4 Rb5 59. Kd3 Rxa5
60. Kc3 Rb5 61. Ne3 Rb8 62. Nd5+ Ke6 63. Nc7+ Kd6 64. Nxa6 Rb6 65. Nb4 Ke5 66.
Nd3+ Kf5 67. Kc4 Rc6+ 68. Kd5 Rc3 69. Nb4 Kf4 70. Kd4 Rb3 71. Nd5+ Kf3 72. Kc4
Rb7 73. Kc5 Rf7 74. Kd6 Ke4 75. Nc3+ Kf5 76. Ne2 Ke4 77. Nc3+ Kd4 78. Nb5+ Kd3
79. Kc6 Rh7 80. Kd6 {
Black's time expired but white did not have enough material for checkmate.}
1/2-1/2

[Event "WA Class - D Section"]
[Site "Redmond, WA"]
[Date "2008.11.28"]
[Round "1"]
[White "Humphrey, Dave"]
[Black "Liao, King"]
[Result "1-0"]
[WhiteElo "920"]
[BlackElo "1035"]
[PlyCount "65"]
[EventDate "2008.11.30"]
[EventCountry "USA"]
[Source "Bulletin"]
[SourceDate "2009.02.10"]

1. e4 d6 2. d4 Nf6 3. Nc3 g6 4. Bc4 Nxe4 5. Bxf7+ Kxf7 6. Nxe4 Bg7 7. Ne2 Rf8
8. Ng5+ Kg8 9. Nf4 Qe8 10. Nfe6 Bxe6 11. Nxe6 Qf7 12. Nxf8 Qxf8 13. O-O Nc6 14.
c3 e5 15. dxe5 Bxe5 16. Be3 Na5 17. Qd5+ Kh8 18. Qxa5 b6 19. Qd5 Rc8 20. Bd4
Bxd4 21. Qxd4+ Kg8 22. Rae1 Qf7 23. Re3 c5 24. Qg4 Rd8 25. Rfe1 Rd7 26. Rf3 Re7
27. Rxe7 Qxe7 28. Re3 Qd8 29. Qe6+ Kf8 30. Rf3+ Kg7 31. Rf7+ Kh6 32. Qe7 Qh8
33. Qh4# 1-0

[Event "WA Class - D Section"]
[Site "Redmond, WA"]
[Date "2008.11.30"]
[Round "5"]
[White "Humphrey, Dave"]
[Black "Stroschein, Jerome"]
[Result "0-1"]
[WhiteElo "920"]
[BlackElo "1365"]
[PlyCount "74"]
[EventDate "2008.11.30"]
[EventCountry "USA"]
[Source "Bulletin"]
[SourceDate "2009.02.10"]

1. e4 d6 2. d4 Nf6 3. Nc3 g6 4. Be3 c6 5. h3 Bg7 6. Be2 O-O 7. Nf3 b5 8. Bd3
Bb7 9. Ne2 Nbd7 10. O-O Qc7 11. Ng3 e5 12. c3 a6 13. Rc1 d5 14. dxe5 Nxe5 15.
Nxe5 Qxe5 16. f4 Qc7 17. e5 Nd7 18. Be2 Nxe5 19. fxe5 Bxe5 20. Nh1 Bh2+ 21. Kf2
Be5 22. Bf3 f6 23. Rc2 Rf7 24. Re2 Rd8 25. Ke1 Bc8 26. Nf2 Bf5 27. g4 Be4 28.
Bxe4 dxe4 29. Qc2 f5 30. gxf5 gxf5 31. Rg1+ Rg7 32. Rxg7+ Qxg7 33. Nxe4 fxe4
34. Rg2 Bg3+ 35. Ke2 Qg6 36. Bf4 Qh5+ 37. Kf1 Rd1+ 0-1

[Event "WA Class - D Section"]
[Site "Redmond, WA"]
[Date "2008.11.29"]
[Round "4"]
[White "Liao, King"]
[Black "Cohen, Mark"]
[Result "1-0"]
[WhiteElo "1035"]
[BlackElo "1243"]
[PlyCount "105"]
[EventDate "2008.11.30"]
[EventCountry "USA"]
[Source "Bulletin"]
[SourceDate "2009.02.10"]

1. Nf3 d5 2. g3 c5 3. Bg2 Nf6 4. O-O Nc6 5. d3 e5 6. e4 d4 7. Nbd2 Bg4 8. h3
Bh5 9. c3 Qd7 10. Qa4 Be7 11. cxd4 cxd4 12. Nc4 Bxf3 13. Bxf3 Rd8 14. Kg2 O-O
15. Bg5 h6 16. Bxf6 Bxf6 17. Bg4 Qe7 18. Rac1 Bg5 19. f4 Bf6 20. fxe5 Bxe5 21.
Qc2 Nb4 22. Qb3 Nc6 23. Rc2 g6 24. Rcf2 h5 25. Be2 Kg7 26. a3 Qg5 27. g4 Rd7
28. Qd1 Qh4 29. Rh1 f6 30. gxh5 gxh5 31. Bxh5 Rh8 32. Qg4+ Qg5 33. Qxg5+ fxg5
34. Bg4 Bf4 35. Bxd7 Nb8 36. Bf5 Na6 37. h4 Be3 38. Nxe3 dxe3 39. Re2 gxh4 40.
Rxe3 Kf6 41. d4 Kg5 42. Rhh3 Nc7 43. d5 Nb5 44. Rd3 Nd6 45. Rc3 Nxf5 46. exf5
Kxf5 47. d6 Ke6 48. Rc7 Rg8+ 49. Kf2 Kxd6 50. Rxb7 Rg4 51. Rxa7 Kc5 52. Rc3+
Kd4 53. Ra4+ 1-0

[Event "WA Class - D Section"]
[Site "Redmond, WA"]
[Date "2008.11.28"]
[Round "2"]
[White "Liao, King"]
[Black "Milener, Gene"]
[Result "1-0"]
[WhiteElo "1035"]
[BlackElo "1294"]
[PlyCount "103"]
[EventDate "2008.11.30"]
[EventCountry "USA"]
[Source "Bulletin"]
[SourceDate "2009.02.10"]

1. Nf3 Nf6 2. g3 d5 3. Bg2 Nbd7 4. O-O e6 5. d3 Be7 6. Nbd2 O-O 7. e4 e5 8. Qe2
d4 9. Nc4 Bd6 10. a4 Re8 11. Nh4 Nf8 12. Qe1 Kh8 13. f4 N6d7 14. f5 f6 15. g4
Be7 16. Nf3 Nb6 17. b3 Nxc4 18. bxc4 Nd7 19. Qg3 Rg8 20. g5 Qf8 21. Qh3 Nc5 22.
Nh4 g6 23. gxf6 Qxf6 24. Ba3 g5 25. Bxc5 Bxc5 26. Ng6+ Rxg6 27. fxg6 Qxf1+ 28.
Rxf1 Bxh3 29. Rf7 Bxg2 30. Rxh7+ Kg8 31. Kxg2 Bd6 32. c5 Bf8 33. Rxc7 b6 34.
cxb6 axb6 35. Rc6 Bc5 36. a5 Rxa5 37. Kg3 Ra7 38. Kg4 Be7 39. Rxb6 Rd7 40. Kf5
Rd6 41. Rxd6 Bxd6 42. Kxg5 Kg7 43. Kf5 Bc7 44. h4 Bd6 45. h5 Bc7 46. h6+ Kf8
47. Kf6 Kg8 48. h7+ Kh8 49. g7+ Kxh7 50. Kf7 Bd6 51. g8=Q+ Kh6 52. Qg6# 1-0

[Event "WA Class - D Section"]
[Site "Redmond, WA"]
[Date "2008.11.30"]
[Round "6"]
[White "Liao, King"]
[Black "Yatsenko, Andrey"]
[Result "0-1"]
[WhiteElo "1035"]
[BlackElo "1273"]
[PlyCount "90"]
[EventDate "2008.11.30"]
[EventCountry "USA"]
[Source "Bulletin"]
[SourceDate "2009.02.10"]

1. Nf3 Nf6 2. g3 d5 3. Bg2 Nbd7 4. O-O e5 5. d3 b6 6. e4 Bb7 7. Qe2 dxe4 8.
dxe4 Bd6 9. Nc3 O-O 10. Re1 Bb4 11. Nd2 Bxc3 12. bxc3 Re8 13. Ba3 c5 14. Rad1
Qc7 15. f3 Rad8 16. Nc4 Ba6 17. Bh3 Nb8 18. Bc1 Nc6 19. Bg5 Na5 20. f4 Bxc4 21.
Qf2 Rxd1 22. Rxd1 Nxe4 23. Qe3 Nxg5 24. fxg5 Be6 25. Bg2 Nc4 26. Qe4 Rd8 27.
Qc6 Rxd1+ 28. Kf2 Qxc6 29. Bxc6 Rd2+ 30. Kf3 Bd5+ 31. Bxd5 Rxd5 32. Ke4 Rd2 33.
h4 g6 34. a4 Kf8 35. g4 Ke7 36. h5 Ke6 37. hxg6 hxg6 38. a5 bxa5 39. Kf3 Kd5
40. Kg3 a4 41. Kf3 a3 42. Kg3 a2 43. Kh3 a1=Q 44. Kg3 Qg1+ 45. Kf3 Qg2# 0-1

[Event "WA Class - D Section"]
[Site "Redmond, WA"]
[Date "2008.11.28"]
[Round "2"]
[White "McGuire, Dennis"]
[Black "Humphrey, Dave"]
[Result "0-1"]
[WhiteElo "1271"]
[BlackElo "920"]
[PlyCount "64"]
[EventDate "2008.11.30"]
[EventCountry "USA"]
[Source "Bulletin"]
[SourceDate "2009.02.10"]

1. d4 d5 2. e4 dxe4 3. Nc3 g6 4. Nxe4 Bg7 5. c3 b6 6. Nf3 Bb7 7. Bd3 e6 8. Bg5
Ne7 9. Nf6+ Bxf6 10. Bxf6 O-O 11. Qd2 Nd7 12. Bh4 Bxf3 13. gxf3 Qe8 14. Rg1 f6
15. O-O-O c5 16. Bc4 Nd5 17. Rde1 Qf7 18. Bb3 cxd4 19. Qxd4 Rad8 20. Bxd5 exd5
21. f4 Nc5 22. Rg3 Ne6 23. Qd2 Ng7 24. Rge3 Nf5 25. Rh3 Kg7 26. Rg1 Rfe8 27.
Qd1 Re4 28. Qg4 Kf8 29. f3 Re2 30. Be1 d4 31. Kb1 d3 32. b3 d2 0-1

[Event "WA Class - D Section"]
[Site "Redmond, WA"]
[Date "2008.11.29"]
[Round "4"]
[White "Phan, James"]
[Black "Humphrey, Dave"]
[Result "1-0"]
[WhiteElo "1390"]
[BlackElo "920"]
[PlyCount "63"]
[EventDate "2008.11.30"]
[EventCountry "USA"]
[Source "Bulletin"]
[SourceDate "2009.02.10"]

1. e4 c5 2. Nf3 Nc6 3. Nc3 d6 4. Be2 Bd7 5. O-O Nf6 6. d3 g6 7. Nd5 Bg7 8.
Nxf6+ exf6 9. Bf4 Be6 10. d4 cxd4 11. Nxd4 Nxd4 12. Qxd4 O-O 13. Qxd6 Qa5 14.
Bd2 Qa4 15. b3 Qxe4 16. Bf3 Qxc2 17. Rfc1 Qf5 18. Bxb7 Rfd8 19. Qf4 Qd3 20.
Bxa8 Rxa8 21. Be3 f5 22. Rd1 Qa6 23. Bd4 Bxd4 24. Rxd4 Bxb3 25. Qf3 Rb8 26. Qc3
Be6 27. Rad1 Qb6 28. Rd6 Rc8 29. Qa1 Qc7 30. h3 h5 31. Qf6 Re8 32. Rd8 1-0

[Event "WA Class - D Section"]
[Site "Redmond, WA"]
[Date "2008.11.29"]
[Round "4"]
[White "Puri, Ankush"]
[Black "Stroschein, Jerome"]
[Result "0-1"]
[WhiteElo "1287"]
[BlackElo "1365"]
[PlyCount "86"]
[EventDate "2008.11.30"]
[EventCountry "USA"]
[Source "Bulletin"]
[SourceDate "2009.02.10"]

1. d4 Nf6 2. e3 g6 3. Bd3 Bg7 4. Nd2 d6 5. f4 b6 6. Ngf3 Bb7 7. O-O O-O 8. Qe2
Nc6 9. c3 e6 10. e4 Re8 11. e5 Nd7 12. Ne4 d5 13. Ng3 Ne7 14. Bd2 Nf5 15. Nxf5
exf5 16. Rae1 Nf6 17. Qf2 Ne4 18. Bxe4 dxe4 19. Ng5 Ba6 20. Qh4 h6 21. Rf2 hxg5
22. fxg5 c5 23. Be3 cxd4 24. cxd4 Rc8 25. Rd2 Bd3 26. Qf2 Kf8 27. b3 Ke7 28.
Rb2 Rh8 29. Qd2 Qd5 30. Qb4+ Ke6 31. Qa4 Rc7 32. b4 Bxe5 33. dxe5 Qxe5 34. Bc1
Qxh2+ 35. Kf2 Qh4+ 36. g3 Qh2+ 37. Ke3 Qxg3+ 38. Kd2 Qf2+ 39. Kd1 Rxc1+ 40.
Kxc1 Qxe1+ 41. Qd1 Rc8+ 42. Rc2 Rxc2+ 43. Kb1 Qxd1# 0-1

[Event "WA Class - D Section"]
[Site "Redmond, WA"]
[Date "2008.11.30"]
[Round "6"]
[White "Stroschein, Jerome"]
[Black "Edwards, Christopher"]
[Result "1/2-1/2"]
[WhiteElo "1365"]
[BlackElo "1383"]
[PlyCount "114"]
[EventDate "2008.11.30"]
[EventCountry "USA"]
[Source "Bulletin"]
[SourceDate "2009.02.10"]

1. c4 Nf6 2. Nc3 g6 3. Nf3 Bg7 4. g3 O-O 5. Bg2 d6 6. d4 c6 7. O-O Nbd7 8. Qc2
Nb6 9. b3 d5 10. c5 Nbd7 11. Bb2 Qc7 12. b4 Re8 13. e4 dxe4 14. Nxe4 Nxe4 15.
Qxe4 Nf6 16. Qe2 Bg4 17. h3 Be6 18. Nd2 Bd5 19. Nc4 Bxg2 20. Kxg2 Nd5 21. a3 b5
22. Ne3 Rad8 23. Nc2 e5 24. dxe5 Bxe5 25. Bxe5 Rxe5 26. Ne3 Nxe3+ 27. fxe3 Rde8
28. Rf3 Qe7 29. Kf2 Rd8 30. Rd1 Rxd1 31. Qxd1 Rd5 32. Qb3 Qd7 33. e4 Rd1 34.
Kg2 Rd2+ 35. Rf2 Rd3 36. Qa2 Kg7 37. Qb2+ Qd4 38. Qxd4+ Rxd4 39. Rf3 Rxe4 40.
Kf2 f5 41. Rd3 Re7 42. Rd6 Rc7 43. Ke3 Kf7 44. Kf4 h6 45. Kf3 a6 46. Kf4 Kg7
47. h4 Kf7 48. g4 fxg4 49. Kxg4 a5 50. h5 gxh5+ 51. Kxh5 axb4 52. axb4 Kg8 53.
Kxh6 Kf7 54. Kg5 Ke7 55. Kf5 Ke8 56. Ke5 Re7+ 57. Re6 Kd7 1/2-1/2

[Event "WA Class - D Section"]
[Site "Redmond, WA"]
[Date "2008.11.28"]
[Round "1"]
[White "Stroschein, Jerome"]
[Black "Feng, Roland"]
[Result "0-1"]
[WhiteElo "1365"]
[BlackElo "1334"]
[PlyCount "94"]
[EventDate "2008.11.30"]
[EventCountry "USA"]
[Source "Bulletin"]
[SourceDate "2009.02.10"]

1. e4 c5 2. Nc3 d6 3. b3 Nf6 4. Bb2 Bg4 5. f3 Bd7 6. Be2 Nc6 7. Bc4 a6 8. a4 g6
9. Nd5 Bg7 10. Ne2 O-O 11. O-O Nxd5 12. Bxg7 Kxg7 13. Bxd5 e6 14. Bc4 Ne5 15.
d4 Nxc4 16. bxc4 Qe7 17. d5 Rad8 18. Qd2 Rh8 19. a5 h5 20. Rab1 exd5 21. cxd5
Bb5 22. Rf2 Qc7 23. c4 Bd7 24. Rb6 h4 25. Qf4 Ba4 26. Nc3 Be8 27. Rfb2 Rh5 28.
Nd1 Re5 29. Nf2 g5 30. Qe3 Bd7 31. Nd3 Rde8 32. Rxb7 Qd8 33. Nxe5 Rxe5 34. f4
gxf4 35. Qxf4 Be8 36. R2b6 h3 37. Rxa6 hxg2 38. Rbb6 Qe7 39. Rxd6 Rxe4 40. Qf6+
Qxf6 41. Rxf6 Rxc4 42. Kxg2 Rd4 43. d6 c4 44. Rf2 c3 45. Rc2 Rd2+ 46. Kf3 Rxc2
47. Ra8 Bc6+ 0-1